| 000 | 01452nam a2200373 i 4500 | ||
|---|---|---|---|
| 001 | 16286892 | ||
| 003 | EG-ScBUE | ||
| 005 | 20230511094256.0 | ||
| 008 | 100616s2010 nyua f b 000 0 eng d | ||
| 020 | _a9780374532338 (pbk.) | ||
| 020 | _a0374532338 (pbk.) | ||
| 035 | _a(OCoLC)ocn671819280 | ||
| 040 |
_aNCU _beng _erda _cNCU _dGDC _dYDXCP _dOBE _dVP@ _dDLC _dEG-ScBUE |
||
| 041 | 1 |
_aeng _hfre |
|
| 082 | 0 | 4 |
_a770.92 _222 _bBAR |
| 100 | 1 |
_aBarthes, Roland, _eauthor. |
|
| 240 | 1 | 0 |
_aChambre claire. _lEnglish |
| 245 | 1 | 0 |
_aCamera lucida : _breflections on photography / _cRoland Barthes ; translated from the French by Richard Howard. |
| 246 | 3 | 0 | _aReflections on photography |
| 264 | 1 |
_aNew York : _bHill and Wang, _c2010. |
|
| 300 |
_axix, 119 pages : _billustrations ; _c21 cm |
||
| 336 |
_2rdacontent _atext _btxt |
||
| 337 |
_2rdamedia _aunmediated _bn |
||
| 338 |
_2rdacarrier _avolume _bnc |
||
| 500 | _a"Originally published in 1980 by Éditions du Seuil, France ... ; published in 1981 in the United States by Hill Wang."--T.p. verso. | ||
| 504 | _aIncludes bibliographical references. | ||
| 650 | 7 |
_aPhotography, Artistic. _2BUEsh |
|
| 650 | 7 |
_aPhotography _xPhilosophy. _2BUEsh |
|
| 653 |
_bART _cMay2023 |
||
| 655 | _vReading book | ||
| 906 |
_a7 _bcbc _cpccadap _d2 _eepcn _f20 _gy-gencatlg |
||
| 942 |
_2ddc _cBB |
||
| 999 |
_c30326 _d30297 |
||